[Event "Annex CC Seeing Shadows"]
[Site "Toronto CAN"]
[Date "2026.01.12"]
[Round "1.7"]
[White "Chertkow, Matthew"]
[Black "Izrailov, David"]
[Result "1-0"]
[WhiteElo "2105"]
[BlackElo "1633"]
[WhiteFideId "-1"]
[BlackFideId "-1"]
[PlyCount "113"]
[GameId "2275683212676638"]
[EventDate "2026.01.12"]
[EventType "swiss"]
[EventRounds "5"]
[EventCountry "CAN"]

1. e4 e5 2. Nf3 Nc6 3. d4 exd4 4. Bc4 Nf6 5. e5 d5 6. Bb5 Ne4 7. Nxd4 Bd7 8. Bxc6 bxc6 9. O-O Bc5 10. Be3 O-O 11. c3 Qe7 12. f3 Ng5 13. Qd2 Ne6 14. b4 Bb6 15. Kh1 f6 16. Nf5 Qe8 17. Bxb6 axb6 18. Re1 Qh5 19. Ng3 Qg6 20. c4 d4 21. exf6 Rxf6 22. Re4 c5 23. bxc5 bxc5 24. Nc3 Ng5 25. Re7 dxc3 26. Qd5+ Kf8 27. Rxd7 Re8 28. Qxc5+ Kg8 29. Qd5+ Rfe6 30. h4 Nf7 31. Ne4 Qh6 32. g3 Qe3 33. Qd3 Rxe4 34. fxe4 Qxe4+ 35. Qxe4 Rxe4 36. Rd3 Rxc4 37. Rc1 Ra4 38. Rc2 Nd6 39. Rdxc3 Ne4 40. Rxc7 Nxg3+ 41. Kg2 Nf5 42. Rf2 g6 43. Rb2 Ra8 44. Kh3 h5 45. a4 Kf8 46. a5 Ne7 47. Rbb7 Nd5 48. Rd7 Nf4+ 49. Kh2 Ne6 50. Rf7+ Kg8 51. Rf6 Nc5 52. Rb5 Kg7 53. Rfb6 Ne4 54. Rb7+ Kh6 55. Rc7 Nf6 56. Rf7 Ra6 57. Rb8 1-0

[Event "Annex CC Seeing Shadows"]
[Site "Toronto CAN"]
[Date "2026.01.12"]
[Round "1.9"]
[White "Mittal, Aashwin"]
[Black "Beal, Greg"]
[Result "1-0"]
[WhiteElo "2061"]
[BlackElo "1787"]
[WhiteFideId "-1"]
[BlackFideId "-1"]
[PlyCount "89"]
[GameId "2275685719532132"]
[EventDate "2026.01.12"]
[EventType "swiss"]
[EventRounds "5"]
[EventCountry "CAN"]

1. e4 c5 2. Nf3 g6 3. d4 cxd4 4. Nxd4 Nc6 5. Nc3 Bg7 6. Be3 Nf6 7. Bc4 O-O 8. Bb3 d6 9. f3 Bd7 10. Qd2 Nxd4 11. Bxd4 a5 12. a4 Bc6 13. O-O-O Qc7 14. h4 h5 15. g4 hxg4 16. h5 e5 17. Be3 Nxh5 18. Rxh5 gxh5 19. Bh6 Qe7 20. fxg4 Qf6 21. Bg5 Qg6 22. gxh5 Qxh5 23. Rg1 Kh7 24. Kb1 f5 25. Qe1 fxe4 26. Rh1 Qxh1 27. Qxh1+ Kg6 28. Be7 Rf4 29. Qg2+ Kh7 30. Qg5 Bh6 31. Qh5 Be8 32. Qh2 Kg6 33. Qg3+ Kf5 34. Nd5 Rf3 35. Qh4 Bd2 36. Bxd6 Bg5 37. Ne7+ Bxe7 38. Qxe7 Bc6 39. Qxe5+ Kg6 40. Be7 Re8 41. Qg5+ Kh7 42. Bf6 Rf1+ 43. Ka2 Rxf6 44. Qxf6 e3 45. Bf7 1-0

[Event "Annex CC Seeing Shadows"]
[Site "Toronto CAN"]
[Date "2026.01.12"]
[Round "1.10"]
[White "Zivojinovic, Viktor"]
[Black "Southam, David"]
[Result "0-1"]
[WhiteElo "1770"]
[BlackElo "2054"]
[WhiteFideId "-1"]
[BlackFideId "-1"]
[PlyCount "154"]
[GameId "2275688035472879"]
[EventDate "2026.01.12"]
[EventType "swiss"]
[EventRounds "5"]
[EventCountry "CAN"]

1. e4 e6 2. Nf3 d5 3. exd5 exd5 4. d4 Bd6 5. c4 c6 6. Bg5 f6 7. Be3 Ne7 8. Nc3 Be6 9. Qb3 b6 10. cxd5 Nxd5 11. Bc4 Be7 12. Rc1 O-O 13. O-O Bf7 14. Nh4 g6 15. Bh6 Re8 16. Rfe1 Qd6 17. Bxd5 Bxd5 18. Nxd5 Qxd5 19. Qg3 Kf7 20. Nf3 Na6 21. Qh3 Bb4 22. Bd2 Kg8 23. Bxb4 Nxb4 24. a3 Nd3 25. Ng5 Qxg5 26. Qxd3 Qd5 27. Kf1 Kg7 28. Qc3 Qb5+ 29. Qc4 Rxe1+ 30. Kxe1 Re8+ 31. Kd2 Qxb2+ 32. Rc2 Qxa3 33. Qxc6 Qb4+ 34. Kd3 Qb3+ 35. Kd2 Re7 36. Qd6 Qf7 37. g3 Rd7 38. Qf4 g5 39. Qe4 Qd5 40. Qxd5 Rxd5 41. Rc7+ Kg6 42. Ke3 a5 43. Ke4 Rb5 44. d5 Rb1 45. h4 gxh4 46. gxh4 Re1+ 47. Kf4 h5 48. d6 Rd1 49. d7 b5 50. Rb7 b4 51. Ke4 b3 52. Rxb3 Rxd7 53. Ra3 Re7+ 54. Kd4 Ra7 55. Ke4 a4 56. f4 Kf7 57. Kd5 Ra5+ 58. Kd6 Kg6 59. Kc6 Kf5 60. Kb6 Ra8 61. Kb7 Re8 62. Rxa4 Re4 63. Ra1 Rxf4 64. Rh1 Rc4 65. Rf1+ Rf4 66. Rh1 Kg4 67. Kc6 Kg3 68. Kd5 Rxh4 69. Rg1+ Kf2 70. Rg6 Rf4 71. Ke6 h4 72. Rh6 Kg3 73. Rg6+ Rg4 74. Rxf6 h3 75. Ke5 h2 76. Rh6 Kg2 77. Kf5 Rg8 0-1

[Event "Annex CC Seeing Shadows"]
[Site "Toronto CAN"]
[Date "2026.01.12"]
[Round "1.11"]
[White "Lazarev, Shon"]
[Black "Fines, John"]
[Result "1-0"]
[WhiteElo "2041"]
[BlackElo "1762"]
[WhiteFideId "-1"]
[BlackFideId "-1"]
[PlyCount "43"]
[GameId "2275691260192250"]
[EventDate "2026.01.12"]
[EventType "swiss"]
[EventRounds "5"]
[EventCountry "CAN"]

1. c4 Nf6 2. Nf3 g6 3. Nc3 d5 4. cxd5 Nxd5 5. e4 Nxc3 6. dxc3 Qxd1+ 7. Kxd1 Bg4 8. Be2 Nc6 9. h3 O-O-O+ 10. Kc2 Bd7 11. Be3 h6 12. Nd2 f5 13. b4 g5 14. f3 Kb8 15. a4 Bg7 16. Nb3 fxe4 17. fxe4 Be6 18. Rhf1 Rhf8 19. Rae1 Ne5 20. Bd4 Bf6 21. Nc5 Bg8 22. Bxe5 1-0

[Event "Annex CC Seeing Shadows"]
[Site "Toronto CAN"]
[Date "2026.01.12"]
[Round "1.13"]
[White "Mammadov, Nihad"]
[Black "Marchildon, Daniel"]
[Result "1-0"]
[WhiteElo "1967"]
[BlackElo "1730"]
[WhiteFideId "-1"]
[BlackFideId "-1"]
[PlyCount "83"]
[GameId "2275696223500748"]
[EventDate "2026.01.12"]
[EventType "swiss"]
[EventRounds "5"]
[EventCountry "CAN"]

1. e4 d5 2. exd5 Qxd5 3. Nc3 Qa5 4. Nf3 Nf6 5. Bc4 Bg4 6. O-O e6 7. d4 c6 8. h3 Bh5 9. Re1 Be7 10. Bd2 O-O 11. Nd5 Qd8 12. Nxe7+ Qxe7 13. Bg5 Nbd7 14. Be2 h6 15. Bh4 Qb4 16. Rb1 Nd5 17. c3 Qa5 18. a3 Nf4 19. Qd2 Nxe2+ 20. Qxe2 c5 21. dxc5 Qxc5 22. Qe3 Qc4 23. b3 Qa6 24. a4 Bg6 25. Rb2 Rfc8 26. Rd1 Qc6 27. c4 a6 28. Rbd2 Nf8 29. Ne5 Qe4 30. Nxg6 Qxg6 31. Qf3 Rc6 32. Be7 Qf5 33. Qxf5 exf5 34. Rd8 Rcc8 35. Rxf8+ Rxf8 36. Bxf8 Kxf8 37. Rd7 Rb8 38. f4 Ke8 39. Rc7 b5 40. cxb5 axb5 41. a5 b4 42. a6 1-0

[Event "Annex CC Seeing Shadows"]
[Site "Toronto CAN"]
[Date "2026.01.12"]
[Round "1.14"]
[White "Bakradze, Joshua"]
[Black "Campbell, Brett"]
[Result "0-1"]
[WhiteElo "1721"]
[BlackElo "1964"]
[WhiteFideId "-1"]
[BlackFideId "-1"]
[PlyCount "38"]
[GameId "2275699352873428"]
[EventDate "2026.01.12"]
[EventType "swiss"]
[EventRounds "5"]
[EventCountry "CAN"]

1. d4 Nf6 2. c4 g6 3. Nf3 Bg7 4. g3 O-O 5. Bg2 d6 6. O-O Nc6 7. Nc3 e5 8. dxe5 dxe5 9. Bg5 Be6 10. b3 h6 11. Bxf6 Bxf6 12. Qxd8 Raxd8 13. Ne4 Be7 14. Rfd1 f5 15. Nc3 e4 16. Nh4 Bf6 17. Rac1 Bxc3 18. Rxd8 Rxd8 19. Rxc3 g5 0-1

[Event "Annex CC Seeing Shadows"]
[Site "Toronto CAN"]
[Date "2026.01.12"]
[Round "1.15"]
[White "Vinuya, Ruth Joy"]
[Black "Xiao, Stephanie"]
[Result "1-0"]
[WhiteElo "1962"]
[BlackElo "1708"]
[WhiteFideId "-1"]
[BlackFideId "-1"]
[PlyCount "97"]
[GameId "2275753392339420"]
[EventDate "2026.01.12"]
[EventType "swiss"]
[EventRounds "5"]
[EventCountry "CAN"]

1. c4 e5 2. g3 Nc6 3. Bg2 Nf6 4. Nc3 Be7 5. Nf3 d5 6. cxd5 Nxd5 7. O-O O-O 8. Nxe5 Nxc3 9. Nxc6 Nxd1 10. Nxd8 Rxd8 11. Rxd1 c6 12. d4 f5 13. Bf4 Be6 14. Be5 Rd7 15. Bh3 Kf7 16. Rdc1 Rdd8 17. Rc3 Rac8 18. Rf3 Kg6 19. Re3 Bf6 20. a3 Kf7 21. Rd3 g6 22. Bxf6 Kxf6 23. Rc1 Bd5 24. f3 Re8 25. Kf2 Re7 26. Re3 Rce8 27. Rcc3 Kg5 28. Rxe7 Rxe7 29. Re3 Rxe3 30. Kxe3 h5 31. Kd3 f4 32. gxf4+ Kxf4 33. Bg2 Be6 34. e3+ Kg5 35. Ke4 Kf6 36. h4 Bb3 37. Kf4 b6 38. e4 a5 39. Bh3 Ke7 40. Ke5 Bd1 41. f4 Bg4 42. Bf1 Bc8 43. b4 a4 44. d5 cxd5 45. exd5 Bd7 46. Bd3 Be8 47. d6+ Kf7 48. Bc4+ Kg7 49. Be6 1-0

[Event "Annex CC Seeing Shadows"]
[Site "Toronto CAN"]
[Date "2026.01.12"]
[Round "1.8"]
[White "Zhao, Shannon"]
[Black "Nazareno, Merlin"]
[Result "1/2-1/2"]
[WhiteElo "1801"]
[BlackElo "2064"]
[WhiteFideId "-1"]
[BlackFideId "-1"]
[PlyCount "133"]
[GameId "2275782861060583"]
[EventDate "2026.01.12"]
[EventType "swiss"]
[EventRounds "5"]
[EventCountry "CAN"]

1. e4 d5 2. exd5 Nf6 3. Nf3 Nxd5 4. d4 Bg4 5. Be2 Nc6 6. O-O e6 7. h3 Bh5 8. Nc3 Nb6 9. Be3 Be7 10. Ne4 Qd5 11. Ng3 Bg6 12. a3 h5 13. Re1 Bf6 14. Rc1 h4 15. Nf1 Be4 16. c3 g5 17. N1d2 Bg6 18. Nh2 Be7 19. b4 f5 20. Bf3 Qd7 21. Nb3 O-O-O 22. Nc5 Qd6 23. b5 Na5 24. Bd2 Bf7 25. Qe2 Rh6 26. Rcd1 Nd5 27. c4 Nf4 28. Qf1 b6 29. Bb4 Re8 30. Nxe6 Qd7 31. Nxf4 Bxb4 32. Rxe8+ Qxe8 33. axb4 Bxc4 34. Qe1 Qxe1+ 35. Rxe1 gxf4 36. bxa5 Bxb5 37. axb6 axb6 38. Re7 Kd8 39. Rf7 Re6 40. g4 fxg3 41. fxg3 hxg3 42. Nf1 Re1 43. Bg2 Bd3 44. h4 b5 45. h5 b4 46. h6 f4 47. Rxf4 b3 48. Rf8+ Ke7 49. Rb8 Rb1 50. Rc8 Kd6 51. Rd8+ Ke7 52. Rc8 Kd6 53. Rd8+ Ke7 54. Rc8 Kd7 55. Bh3+ Kc6 56. Bg2+ Kb6 57. Rb8+ Ka5 58. Rb7 b2 59. Rb3 Bc2 60. Rb8 Ka4 61. Rc8 Ka3 62. Rxc7 Kb3 63. Rb7+ Ka4 64. Ra7+ Kb3 65. Rb7+ Ka3 66. Rb5 Ka4 67. Rb7 1/2-1/2

[Event "Annex CC Seeing Shadows"]
[Site "Toronto CAN"]
[Date "2026.01.12"]
[Round "1.12"]
[White "Ugodnikov, Arkadiy"]
[Black "Blair, Michael"]
[Result "0-1"]
[WhiteElo "1736"]
[BlackElo "1986"]
[WhiteFideId "-1"]
[BlackFideId "-1"]
[PlyCount "84"]
[GameId "2275797896452597"]
[EventDate "2026.01.12"]
[EventType "swiss"]
[EventRounds "5"]
[EventCountry "CAN"]

1. e4 c5 2. Nf3 e6 3. c3 Nf6 4. e5 Nd5 5. d4 cxd4 6. cxd4 d6 7. Nc3 Nxc3 8. bxc3 Qc7 9. Qb3 Nd7 10. exd6 Bxd6 11. Bd3 b6 12. Ba3 O-O 13. Bxd6 Qxd6 14. Qc2 Nf6 15. O-O Bb7 16. Ne5 Rac8 17. f4 g6 18. Rac1 Nd5 19. Qd2 Nxc3 20. Qf2 Ne4 21. Bxe4 Bxe4 22. Rfe1 Rxc1 23. Rxc1 Rd8 24. Rd1 Rc8 25. h3 Qa3 26. Kh2 Rc2 27. Rd2 Qxa2 28. Nf3 Rxd2 29. Nxd2 Bd5 30. Qe3 h6 31. Ne4 Bxe4 32. Qxe4 Qd5 33. Qe3 b5 34. f5 exf5 35. Qxh6 Qxd4 36. Qc1 Qd6+ 37. Kh1 Qb8 38. Qc5 a5 39. h4 b4 40. h5 b3 41. hxg6 b2 42. gxf7+ Kxf7 0-1

[Event "Annex CC Seeing Shadows U1800"]
[Site "Toronto CAN"]
[Date "2026.01.19"]
[Round "2.16"]
[White "Sheetz, Nathan"]
[Black "Mickelson, Jonah"]
[Result "1-0"]
[WhiteElo "1582"]
[BlackElo "1670"]
[WhiteFideId "-1"]
[BlackFideId "-1"]
[PlyCount "83"]
[GameId "2276394984481422"]
[EventDate "2026.01.12"]
[EventType "swiss"]
[EventRounds "5"]
[EventCountry "CAN"]

1. e4 e6 2. d4 d5 3. Bd3 dxe4 4. Bxe4 Nf6 5. Bf3 Be7 6. Ne2 O-O 7. O-O Nbd7 8. Be3 Nd5 9. Bd2 c6 10. c4 N5f6 11. b4 e5 12. Qc2 exd4 13. Nxd4 Ne5 14. Bc3 Nxf3+ 15. Nxf3 Be6 16. Ng5 g6 17. Nxe6 fxe6 18. Qe2 e5 19. Rd1 Nd7 20. c5 Qc7 21. Qc4+ Rf7 22. Nd2 b6 23. Ne4 Raf8 24. Qe6 Rd8 25. Rd3 bxc5 26. Rf3 Rdf8 27. Rd1 Nb6 28. Bxe5 Qc8 29. Qxc8 Rxc8 30. Rxf7 Kxf7 31. bxc5 Na4 32. Rd7 Ke6 33. Rxa7 Nxc5 34. Rxe7+ Kxe7 35. Bd6+ Ke6 36. Bxc5 Kd5 37. f3 Rb8 38. a3 Rb2 39. Bb4 h5 40. h4 Ke6 41. Kh2 Ke5 42. Bc3+ 1-0

[Event "Annex CC Seeing Shadows U1800"]
[Site "Toronto CAN"]
[Date "2026.01.19"]
[Round "2.17"]
[White "Izrailov, David"]
[Black "Kravchenko, Mykola"]
[Result "0-1"]
[WhiteElo "1633"]
[BlackElo "1665"]
[WhiteFideId "-1"]
[BlackFideId "-1"]
[PlyCount "52"]
[GameId "2275040402135311"]
[EventDate "2026.01.12"]
[EventType "swiss"]
[EventRounds "5"]
[EventCountry "CAN"]

1. e4 e5 2. Nc3 Nc6 3. Bc4 Nf6 4. d3 Bc5 5. Nf3 d6 6. h3 Ne7 7. Bg5 c6 8. Qd2 Ng6 9. Na4 Bb6 10. Nxb6 axb6 11. O-O h6 12. Be3 O-O 13. c3 b5 14. Bb3 Be6 15. Bxe6 fxe6 16. Rfe1 Nh5 17. Bxh6 gxh6 18. Qxh6 Nhf4 19. Ng5 Qe7 20. g3 Rf6 21. gxf4 Nxf4 22. Qh4 Rg6 23. Kh2 Qxg5 24. Qxg5 Rxg5 25. Rg1 Rxg1 26. Rxg1+ Kf7 0-1

[Event "Annex CC Seeing Shadows U1800"]
[Site "Toronto CAN"]
[Date "2026.01.19"]
[Round "2.24"]
[White "Dolderman, Clara"]
[Black "Greig, Ian"]
[Result "1-0"]
[WhiteElo "1466"]
[BlackElo "1549"]
[WhiteFideId "-1"]
[BlackFideId "-1"]
[PlyCount "35"]
[GameId "2275041447561495"]
[EventDate "2026.01.12"]
[EventType "swiss"]
[EventRounds "5"]
[EventCountry "CAN"]

1. c4 Nf6 2. Nc3 g6 3. e4 d6 4. g3 Bg7 5. Nge2 c5 6. Bg2 Nc6 7. O-O O-O 8. d3 Rb8 9. h3 a6 10. a4 Nd7 11. Be3 Nb4 12. f4 e6 13. Qd2 Nb6 14. b3 Qc7 15. Rad1 d5 16. Na2 dxc4 17. dxc4 Rd8 18. Qxd8+ 1-0

[Event "Annex CC Seeing Shadows U1800"]
[Site "Toronto CAN"]
[Date "2026.01.19"]
[Round "2.19"]
[White "Jevtic, Dragan"]
[Black "Minhas, Usman"]
[Result "1-0"]
[WhiteElo "1607"]
[BlackElo "1558"]
[WhiteFideId "-1"]
[BlackFideId "-1"]
[PlyCount "117"]
[GameId "2275042593663263"]
[EventDate "2026.01.12"]
[EventType "swiss"]
[EventRounds "5"]
[EventCountry "CAN"]

1. c4 Nf6 2. g3 g6 3. Bg2 Bg7 4. d4 O-O 5. Nc3 d6 6. Nf3 Nbd7 7. O-O e5 8. d5 Nc5 9. Bg5 Qe8 10. b4 Nce4 11. Nxe4 Nxe4 12. Bd2 Nxd2 13. Qxd2 e4 14. Nd4 Qe5 15. Rad1 Bd7 16. e3 Rad8 17. Qc2 Rfe8 18. a4 a6 19. b5 a5 20. Nb3 b6 21. Nd4 Qe7 22. Qb3 f5 23. Ne2 g5 24. Nd4 Rf8 25. Rde1 Bxd4 26. exd4 g4 27. Re3 Qf6 28. Qc3 Rde8 29. Rfe1 h5 30. c5 Rc8 31. Rf1 Qd8 32. Qa3 Be8 33. Rc1 Bf7 34. cxb6 Bxd5 35. Rec3 Rf7 36. R3c2 Rd7 37. Qe3 Qe7 38. Qh6 Qf7 39. Bf1 Bb7 40. Qd2 d5 41. Qxa5 Ra8 42. Qb4 cxb6 43. Ra1 Rc7 44. Rac1 Rac8 45. Rc3 Qd7 46. a5 bxa5 47. Qxa5 Rxc3 48. Rxc3 Rxc3 49. Qxc3 Qc8 50. Qc5 Kf7 51. Qd6 Qe6 52. Qc7+ Qe7 53. Qf4 Bc8 54. Qh6 Qf6 55. Qxh5+ Ke6 56. Qe8+ Qe7 57. Qxc8+ Qd7 58. Qa6+ Qd6 59. b6 1-0

[Event "Annex CC Seeing Shadows U1800"]
[Site "Toronto CAN"]
[Date "2026.01.19"]
[Round "2.18"]
[White "Shon, Kathryn"]
[Black "Dugre, Ryan"]
[Result "1/2-1/2"]
[WhiteElo "1455"]
[BlackElo "1611"]
[WhiteFideId "-1"]
[BlackFideId "-1"]
[PlyCount "76"]
[GameId "2275045069654311"]
[EventDate "2026.01.12"]
[EventType "swiss"]
[EventRounds "5"]
[EventCountry "CAN"]

1. d4 d5 2. c4 c6 3. Nf3 Nf6 4. Nc3 a6 5. a4 e6 6. Bg5 a5 7. e3 Na6 8. Be2 Be7 9. O-O h6 10. Bh4 O-O 11. h3 Nb4 12. Na2 Nxa2 13. Rxa2 Nd7 14. Bxe7 Qxe7 15. cxd5 exd5 16. Re1 Nf6 17. Bd3 Ne4 18. Qc2 f5 19. Ne5 Qg5 20. f4 Qg3 21. Qe2 Be6 22. Rf1 Bf7 23. Nxf7 Rxf7 24. Qe1 Re8 25. Bxe4 Qxe1 26. Rxe1 Rxe4 27. Kf2 Rfe7 28. g4 g5 29. fxg5 f4 30. gxh6 fxe3+ 31. Kf3 Kh7 32. b3 Kxh6 33. Rae2 Rf7+ 34. Kg3 Rfe7 35. Kf3 Rf7+ 36. Kg2 Rfe7 37. Kg3 Kg6 38. Rd1 Rf7 1/2-1/2

[Event "Annex CC Seeing Shadows U1800"]
[Site "Toronto CAN"]
[Date "2026.01.19"]
[Round "2.20"]
[White "Ecksel, Scott"]
[Black "Velazquez, Alex"]
[Result "1-0"]
[WhiteElo "1597"]
[BlackElo "1549"]
[WhiteFideId "-1"]
[BlackFideId "-1"]
[PlyCount "120"]
[GameId "2275046344014127"]
[EventDate "2026.01.12"]
[EventType "swiss"]
[EventRounds "5"]
[EventCountry "CAN"]

1. c4 e5 2. g3 Nf6 3. Bg2 Nc6 4. Nc3 Bc5 5. Nf3 O-O 6. d3 d6 7. O-O h6 8. a3 a5 9. b3 Bg4 10. h3 Be6 11. e3 Qd7 12. Kh2 Bf5 13. d4 exd4 14. exd4 Bb6 15. Bb2 Rfe8 16. d5 Ne5 17. Nxe5 Rxe5 18. Na4 Re7 19. Nxb6 cxb6 20. Bxf6 gxf6 21. Qd4 Kg7 22. Qxb6 Re2 23. Rfe1 Rae8 24. Rxe2 Rxe2 25. g4 Qe7 26. Qd4 Be4 27. Bxe4 Rxe4 28. Qc3 Re2 29. Kg1 Qe4 30. Rf1 b6 31. Qg3 Rb2 32. Qc3 Qe5 33. Qf3 Rc2 34. Qd1 Rc3 35. Re1 Qf4 36. Kg2 a4 37. bxa4 Qxc4 38. Re3 Rc1 39. Qe2 Qxd5+ 40. Rf3 Rc3 41. Kg3 Qe5+ 42. Qxe5 Rxf3+ 43. Kxf3 fxe5 44. Ke4 Kf6 45. Kd5 Ke7 46. Kc6 Ke6 47. Kxb6 d5 48. Kc5 d4 49. Kc4 Kd6 50. f4 f6 51. fxe5+ fxe5 52. h4 Ke6 53. a5 Kd6 54. g5 hxg5 55. hxg5 Ke6 56. g6 Kf6 57. g7 Kxg7 58. a6 Kf6 59. a7 Kf5 60. a8=Q Kf4 1-0

[Event "Annex CC Seeing Shadows U1800"]
[Site "Toronto CAN"]
[Date "2026.01.19"]
[Round "2.21"]
[White "Abbarin, Shabnam"]
[Black "Antonov, Alexei"]
[Result "1-0"]
[WhiteElo "1609"]
[BlackElo "1492"]
[WhiteFideId "-1"]
[BlackFideId "-1"]
[PlyCount "85"]
[GameId "2275056777165151"]
[EventDate "2026.01.12"]
[EventType "swiss"]
[EventRounds "5"]
[EventCountry "CAN"]

1. e4 e5 2. Nf3 d6 3. d4 exd4 4. Nxd4 Nc6 5. Be3 Nf6 6. f3 Be7 7. Nc3 O-O 8. Bc4 Ne5 9. Bb3 c5 10. Nde2 Be6 11. Nd5 Nxd5 12. Bxd5 Nc4 13. Bxc4 Bxc4 14. b3 Be6 15. c4 f5 16. Nf4 Qd7 17. Nxe6 Qxe6 18. Qd5 Qxd5 19. exd5 f4 20. Bf2 Bf6 21. Rb1 Bc3+ 22. Ke2 Rfe8+ 23. Kd3 Bb4 24. g3 Rf8 25. Rhf1 Rae8 26. Rb2 Rf5 27. Re2 Rxe2 28. Kxe2 Bc3 29. gxf4 Rxf4 30. Bg3 Rf6 31. Kd3 Bd4 32. f4 g5 33. Ke2 g4 34. Kd3 h5 35. Re1 h4 36. Bxh4 Rxf4 37. Re8+ Kf7 38. Re7+ Kg6 39. Rxb7 Rf3+ 40. Ke4 Be5 41. Bg3 Bxg3 42. hxg3 Rxg3 43. Kf4 1-0

[Event "Annex CC Seeing Shadows U1800"]
[Site "Toronto CAN"]
[Date "2026.01.19"]
[Round "2.23"]
[White "Cushman, Tony"]
[Black "Brewer, Jack"]
[Result "1/2-1/2"]
[WhiteElo "1534"]
[BlackElo "1602"]
[WhiteFideId "-1"]
[BlackFideId "-1"]
[PlyCount "101"]
[GameId "2275059414079847"]
[EventDate "2026.01.12"]
[EventType "swiss"]
[EventRounds "5"]
[EventCountry "CAN"]

1. d4 Nf6 2. c4 g6 3. Nc3 Bg7 4. e4 d6 5. Be2 O-O 6. Bg5 h6 7. Be3 e5 8. d5 Nbd7 9. Qd2 Kh7 10. f4 exf4 11. Bxf4 Qe7 12. Nf3 Re8 13. O-O Nxe4 14. Nxe4 Qxe4 15. Bd3 Qe7 16. Rae1 Ne5 17. Nxe5 dxe5 18. Rf3 f5 19. Rh3 Qf8 20. Bg5 f4 21. Rh4 Bf5 22. Qc2 Kg8 23. Bxf5 gxf5 24. Bxh6 Bxh6 25. Rh5 e4 26. c5 Qf6 27. d6 cxd6 28. Qb3+ Qe6 29. Rxh6 Qxb3 30. axb3 dxc5 31. Rf6 Rf8 32. Rxf8+ Kxf8 33. Rd1 e3 34. Rd5 Kg7 35. Rxf5 Rd8 36. Kf1 Rd1+ 37. Ke2 Rd2+ 38. Ke1 Rxg2 39. Rxf4 Rxh2 40. Re4 Kf6 41. Rxe3 Rh7 42. Kd2 Re7 43. Rc3 Rc7 44. b4 c4 45. b3 b5 46. bxc4 bxc4 47. Ra3 Ke6 48. Kc3 Kd7 49. Ra5 Kd6 50. Ra6+ Kd7 51. Ra5 1/2-1/2

[Event "Annex CC Seeing Shadows U1800"]
[Site "Toronto CAN"]
[Date "2026.01.19"]
[Round "2.25"]
[White "Chance, Melody"]
[Black "Clayman, Jeff"]
[Result "1/2-1/2"]
[WhiteElo "1536"]
[BlackElo "1332"]
[WhiteFideId "-1"]
[BlackFideId "-1"]
[PlyCount "65"]
[GameId "2275065104894319"]
[EventDate "2026.01.12"]
[EventType "swiss"]
[EventRounds "5"]
[EventCountry "CAN"]

1. e4 e6 2. d4 d5 3. exd5 exd5 4. Bd3 Nf6 5. Nf3 Nc6 6. c3 Bg4 7. O-O Be7 8. Re1 Qd6 9. Bg5 O-O-O 10. Nbd2 Bh5 11. Qc2 Bg6 12. Bh4 Nh5 13. Bxe7 Nxe7 14. Ne5 Qf6 15. Ndf3 Nf4 16. Nxg6 Nexg6 17. Bf5+ Kb8 18. g3 Nh3+ 19. Kg2 Ng5 20. Re3 Rde8 21. Rae1 Rxe3 22. Rxe3 Nxf3 23. Rxf3 Qg5 24. Kh1 Re8 25. Bxg6 fxg6 26. Qe2 Qd8 27. Re3 Rxe3 28. Qxe3 Qd7 29. Kg2 b5 30. b4 Kb7 31. h4 Kb6 32. Qe5 a5 33. a3 1/2-1/2

[Event "Annex CC Seeing Shadows U1800"]
[Site "Toronto CAN"]
[Date "2026.01.19"]
[Round "2.26"]
[White "Sikka, Raghav"]
[Black "Moisseev, Alexander"]
[Result "1-0"]
[WhiteElo "1635"]
[BlackElo "1487"]
[WhiteFideId "-1"]
[BlackFideId "-1"]
[PlyCount "77"]
[GameId "2275066266679671"]
[EventDate "2026.01.12"]
[EventType "swiss"]
[EventRounds "5"]
[EventCountry "CAN"]

1. e4 d5 2. exd5 Qxd5 3. Nc3 Qa5 4. Bc4 Nf6 5. d3 Bf5 6. Bd2 c6 7. Qe2 Qd8 8. h3 e6 9. g4 Bg6 10. f4 Be7 11. Nf3 Qc7 12. Ne5 Nbd7 13. Nxg6 hxg6 14. O-O-O O-O-O 15. f5 gxf5 16. gxf5 e5 17. Bxf7 Kb8 18. Rde1 Rdf8 19. Be6 Bd6 20. Ne4 Nxe4 21. dxe4 Be7 22. Kb1 Nc5 23. Bc4 Rd8 24. Rd1 Rd4 25. Bd3 Nxd3 26. cxd3 Bf6 27. Bc3 Rd6 28. Qf3 Qd7 29. Qg3 Ka8 30. Bxe5 Bxe5 31. Qxe5 Rxd3 32. Rxd3 Qxd3+ 33. Ka1 Rd8 34. a3 Qf3 35. Rg1 Qxh3 36. Qxg7 Qd3 37. f6 Qxe4 38. f7 Qf4 39. Qg8 1-0

[Event "Annex CC Seeing Shadows U1800"]
[Site "Toronto CAN"]
[Date "2026.01.19"]
[Round "2.27"]
[White "Hauer, Leo"]
[Black "Rehdner, Preston"]
[Result "0-1"]
[WhiteElo "1617"]
[BlackElo "1477"]
[WhiteFideId "-1"]
[BlackFideId "-1"]
[PlyCount "58"]
[GameId "2275258264178111"]
[EventDate "2026.01.12"]
[EventType "swiss"]
[EventRounds "5"]
[EventCountry "CAN"]

1. e4 e5 2. Bc4 Nc6 3. Nc3 Bc5 4. d3 f5 5. f4 d6 6. Nf3 Nf6 7. Qe2 fxe4 8. dxe4 Bg4 9. Be3 Bb4 10. O-O Bxc3 11. bxc3 Nxe4 12. Qd3 Nf6 13. Ng5 d5 14. Bb5 Bd7 15. f5 a6 16. Ne6 Bxe6 17. Bxc6+ bxc6 18. fxe6 e4 19. Qd4 Qd6 20. Bg5 Ng4 21. Rf4 Ne5 22. e7 c5 23. Qf2 Kd7 24. Rf1 h6 25. Rf8 hxg5 26. Qf5+ Kc6 27. Rxh8 Rxh8 28. Qxg5 Nf3+ 29. gxf3 Qxh2# 0-1

[Event "Annex CC Seeing Shadows U1800"]
[Site "Toronto CAN"]
[Date "2026.01.19"]
[Round "2.28"]
[White "Denning, Caitlin"]
[Black "Merse, Leon Noel"]
[Result "0-1"]
[WhiteElo "1329"]
[BlackElo "1605"]
[WhiteFideId "-1"]
[BlackFideId "-1"]
[PlyCount "32"]
[GameId "2275261598113223"]
[EventDate "2026.01.12"]
[EventType "swiss"]
[EventRounds "5"]
[EventCountry "CAN"]

1. e4 e5 2. Nc3 Nf6 3. f4 d5 4. fxe5 Nxe4 5. Qf3 Nxc3 6. bxc3 d4 7. Ne2 Nc6 8. Qg3 Bf5 9. d3 dxc3 10. Nxc3 Bb4 11. Bb2 Qd4 12. Kd2 Na5 13. Kc1 Bxc3 14. Bxc3 Qxc3 15. Rb1 O-O-O 16. Be2 Rhe8 0-1

[Event "Annex CC Seeing Shadows U1800"]
[Site "Toronto CAN"]
[Date "2026.01.19"]
[Round "2.29"]
[White "Gaffney, Kevin"]
[Black "Michaels, Jonathan"]
[Result "1/2-1/2"]
[WhiteElo "1594"]
[BlackElo "1459"]
[WhiteFideId "-1"]
[BlackFideId "-1"]
[PlyCount "88"]
[GameId "2275262747553231"]
[EventDate "2026.01.12"]
[EventType "swiss"]
[EventRounds "5"]
[EventCountry "CAN"]

1. e4 c5 2. c3 d6 3. d4 cxd4 4. cxd4 Nf6 5. Nc3 Nc6 6. Nf3 Bg4 7. Be2 g6 8. O-O Bg7 9. Be3 O-O 10. Qd2 a6 11. Rfe1 Qc7 12. Rac1 Bxf3 13. Bxf3 Rac8 14. g3 Rfd8 15. Bg2 e6 16. Bg5 Qb6 17. d5 Ne5 18. dxe6 fxe6 19. b3 Rf8 20. Be3 Qd8 21. h3 Nh5 22. Ne2 Rxc1 23. Rxc1 Nf3+ 24. Bxf3 Rxf3 25. Kg2 Rf8 26. Nd4 Bxd4 27. Bxd4 e5 28. Be3 Nf6 29. f3 Qe7 30. Rc3 Rd8 31. Bg5 Rd7 32. Bxf6 Qxf6 33. Rc8+ Kg7 34. Qd5 Rf7 35. Rc3 h5 36. h4 Kh6 37. Qd2+ Kg7 38. Qd3 Kh6 39. Rc4 Kg7 40. Qc3 Qe7 41. Qc1 Qf6 42. Qc3 Qe7 43. Qe3 Qf6 44. Rc8 Kh7 1/2-1/2